Score 0/78 Timer 15:00
0 Plays Today
Hint Answer % Correct
Strangled to death with a bike lock by WaltKrazy 8
80.2%
Beaten to deathNo-Doze
62.9%
DecapitatedTortuga
61.2%
Head crushed with an ATMSpooge
60.3%
Shot in the head during a shootoutTuco Salamanca
53.4%
Asphyxiated on her own vomit while on a heroin tripJane Margolis
52.6%
Crushed by a settling car in a junkyardGonzo
51.7%
Shot by a young gang memberChristian 'Combo' Ortega
51.7%
Poisoned by phosphine gas Emilio Koyama
50%
Shot by his own automatically-shooting M60 and bleeds to deathWalter White
44.6%
Choked to death with a chainTodd Alquist
38.6%
Throat sliced open by a boxcutterVictor
35.3%
Right side of face almost completely blown off by a pipe bomb detonated by a wheel chair bellGustavo Fring
34.5%
Shot in the headJack Welker
28.9%
Blown up with bomb on tortoiseDEA Agent
25%
Blown up by a pipe bomb detonated by a wheel chair bellHector 'Tio' Salamanca
25%
Poisoned With RicinLydia Rodarte-Quayle
24.1%
Shot once in the headHank Schrader
23.3%
Poisoned with an unknown substanceLeonel Salamanca
19.8%
Shot once in the headMarco Salamanca
19%
Shot once in the headGale Boetticher
19%
Blown up by a pipe bomb detonated by a wheel chair bellTyrus Kitt
17.2%
Shot once in the gutMike Ehrmantraut
16.4%
Shot to deathSteven Gomez
16.4%
Shot once in the headAndrea Cantillo
14.6%
Commited suicide with a defibrillatorPeter Schuler
13.8%
Shot once in the cheatDrew Sharp
12.1%
Shot during the theft of an ATMConvenience Store Clerk
11.2%
Shot to death by an automatically-shooting M60Kenny
10.8%
Run over with a van and then shot once in the headRival Dealers
10.3%
Unknown (presumably shot)Tomas Cantillo
8.6%
Shot to deathJoaquin Salamanca
8.6%
Garroted to deathGaff
7.8%
Shot repeatedly in the chestChris Mara
7.8%
Shot once in the headDuane Chow
6.9%
Shot in the headDeclan
6.9%
Shot repeatedlyJuan Bolsa
6%
Set on fireDennis Markowski
6%
Killed in an unspecified mannerMrs. Peyketewa
5.2%
Hint Answer % Correct
Shot once in the headMax Arciniega
5.2%
PoisonedDon Eladio Vuente
5.2%
StabbedDan Wachsberger
5.2%
Mid-air airplane collision167 Unnamed Passengers
4.3%
Shot at close proximity, then left in the back of a truck while it exploded9 Mexicans
4.3%
Shot in the back while running away, then in the head to kill himCoyote Driver
4.3%
Shot by a sniper rifleGus' Henchman
4.3%
StabbedRon Forenall
4.3%
Shot to death by an automatically-shooting M60Frankie
3.6%
Shot to death by an automatically-shooting M60Lester
3.6%
Shot to death by an automatically-shooting M60Matt
3.6%
Stricken in the back with an axeDeputy Bobby Kee
3.4%
Shot twice at point blank rangeUnnamed Man
3.4%
Shot repeatedlyJuan Bolsa's Two Bodyguards
3.4%
Shot repeatedly 4 Cartel Assassins
3.4%
Shot to deathLos Pollos Driver
3.4%
Shot to deathTwo Cartel Assassins
3.4%
Shot to deathLos Pollos Driver
3.4%
Shot in heavy gun fightEight of Declan's men and his cook
3.4%
Suffocated by exhaust while locked in the back of a Los Pollos Hermanos truck2 Los Pollos Guards
2.6%
PoisonedBenicio Fuentes
2.6%
PoisonedMiguel
2.6%
Shot to death2 Of Gus' Guards
2.6%
StabbedJack McGann
2.6%
StabbedAndrew Holt
2.6%
BludgeonedAnthony Perez
2.6%
StabbedIsaac Conley
2.6%
ChokedWilliam Moniz
2.6%
StabbedHarris Boivin
1.7%
ChokedRaymond Martinez
1.7%
PoisonedDon Paco
1.2%
PoisonedDon Cesar
1.2%
PoisonedDon Ronaldo
1.2%
PoisonedDon Artuno
1.2%
PoisonedDon Cisco
1.2%
PoisonedUnnamed Capo
1.2%
PoisonedDon Denalco
1.2%
PoisonedDon Escalada
1.2%
PoisonedDon Luis
1.2%
Remove Ads.
Support Sporcle.
Get the best of Sporcle when you Go Orange. This ad-free experience offers more features, more stats, and more fun while also helping to support Sporcle. Thank you for becoming a member.

You're not logged in!

Compare scores with friends on all Sporcle quizzes.
OR
Log In

Show Comments

Extras

Top Quizzes Today


Score Distribution

Your Account Isn't Verified!

In order to create a playlist on Sporcle, you need to verify the email address you used during registration. Go to your Sporcle Settings to finish the process.

Report this User

Report this user for behavior that violates our Community Guidelines.

Details: